Escolas de Samba campeãs do carnaval do Rio de Janeiro - Statistics

Estatísticas Gerais
  • Esse quiz foi jogado 295 vezes
    191 desde o último reset
  • A pontuação média é 10 de 16
Estatísticas das Respostas
Títulos Escola de Samba % Correto
14 Beija-Flor de Nilópolis
95%
20 Estação Primeira de Mangueira
94%
22 Portela
91%
9 Acadêmicos do Salgueiro
90%
4 Unidos da Tijuca
83%
1 Acadêmicos do Grande Rio
79%
3 Unidos do Viradouro
79%
9 Imperatriz Leopoldinense
76%
6 Mocidade Independente de Padre Miguel
75%
3 Unidos de Vila Isabel
70%
9 Império Serrano
59%
1 Estácio de Sá
51%
1 Vizinha Faladeira
28%
1 Recreio de Ramos
10%
2 Unidos da Capela
10%
1 Prazer da Serrinha
8%
Nenhum quiz correspondente encontrado
Distribuição das Pontuações
Porcentagem de Pessoas com Cada Pontuação
Percentil de Números Respondidos
Sua Pontuação Histórica
Você não jogou esse quiz desde o último reset